Music Quiz

Random Music or Song Quiz

Nick Lowe Songs Quiz Stats

 Plays Quiz not verified by Sporcle

Also try: Which Band?
Challenge
Share
Tweet
Embed
Score 0/178 Timer 15:00
0 Plays Today
% Correct
Cruel to Be Kind
100%
Marie Provost
88.9%
I Love the Sound of Breaking Glass
77.8%
So It Goes
77.8%
Raging Eyes
77.8%
Half a Boy and Half a Man
77.8%
The Rose of England
77.8%
I Knew the Bride (When She Used to Rock 'n' Roll)
77.8%
Little Hitler
66.7%
Time Wounds All Heels
66.7%
Maureen
66.7%
Poor Side of Town
66.7%
American Squirm
66.7%
Heart of the City
55.6%
Heart
55.6%
Heart
55.6%
Heart of the City
55.6%
Rollers Show
55.6%
Endless Grey Ribbon
44.4%
Tanque-Rae
44.4%
Shake That Rat
44.4%
36 Inches High
33.3%
Big Kick, Plain Scrap!
33.3%
Without Love
33.3%
Bay City Rollers We Love You
33.3%
Music for Money
22.2%
Shake and Pop
22.2%
No Reason
22.2%
Nutted by Reality
22.2%
Cracking Up
22.2%
Born Fighter
22.2%
Switchboard Susan
22.2%
Dose of You
22.2%
Love So Fine
22.2%
Burning
22.2%
Queen of Sheba
22.2%
My Heart Hurts
22.2%
Couldn't Love You (Any More Than I Do)
22.2%
Let Me Kiss Ya
22.2%
Ba Doom
22.2%
Raining Raining
22.2%
Zulu Kiss
22.2%
We Want Action
22.2%
Wish You Were Here
22.2%
Chicken and Feathers
22.2%
Paid the Price
22.2%
Saint Beneath the Paint
22.2%
The Gee and the Rick and the Three Card Trick
22.2%
Breakaway
22.2%
Live Fast, Love Hard, Die Young
22.2%
L.A.F.S.
22.2%
Darlin' Angel Eyes
22.2%
She Don't Love Nobody
22.2%
Lucky Dog
22.2%
Indoor Fireworks
22.2%
(Hope to God) I'm Right
22.2%
I Can Be the One You Love
22.2%
Bo Bo Skediddle
22.2%
(You're My) Wildest Dream
22.2%
Crying in My Sleep
22.2%
% Correct
Big Hair
22.2%
I Got the Love
22.2%
Black Lincoln Continental
22.2%
Geisha Girl
22.2%
Big Big Love
22.2%
(I Want to Build a) Jumbo Ark
22.2%
Gai-Gin Man
22.2%
What's Shakin' on the Hill
22.2%
Shting-Shtang
22.2%
Rocky Road
22.2%
Refrigerator White
22.2%
Soulful Wind
22.2%
The Beast in Me
22.2%
True Love Travels on a Gravel Road
22.2%
I Live on a Battlefield
22.2%
Faithless Lover
22.2%
Failed Christian
22.2%
Homewrecker
22.2%
Let's Stay in and Make Love
22.2%
I Trained Her to Love Me
22.2%
People Change
22.2%
Not Too Long Ago
22.2%
Feel Again
22.2%
House for Sale
22.2%
Sensitive Man
22.2%
I Got a Job
22.2%
Keep It Out of Sight
22.2%
I Love My Label
22.2%
Endless Sleep
22.2%
Truth Drug
22.2%
Allorolla Part 1
22.2%
Let's Go to the Disco
22.2%
They Called It Rock
22.2%
Rocket Coast
22.2%
You Stabbed Me in the Front
22.2%
Too Many Teardrops
11.1%
You Make Me
11.1%
Skin Deep
11.1%
Stick It Where the Sun Don't Shine
11.1%
One's Too Many (And a Hundred Ain't Enough)
11.1%
Cool Reaction
11.1%
Man of a Fool
11.1%
Mess Around With Love
11.1%
How Do You Talk to an Angel
11.1%
God's Gift to Women
11.1%
(Hey Big Mouth) Stand Up and Say That
11.1%
Awesome
11.1%
Love Like a Glove
11.1%
7 Nights to Rock
11.1%
Long Walk Back
11.1%
Everyone
11.1%
Love Gets Strange
11.1%
Cry It Out
11.1%
Lovers Jamboree
11.1%
Wishing Well
11.1%
You Got the Look I Like
11.1%
Who Was That Man?
11.1%
All Men Are Liars
11.1%
I Don't Know Why You Keep Me On
11.1%
Honeygun
11.1%
% Correct
12-Step Program (To Quit You Babe)
11.1%
Lover Don't Go
11.1%
Withered on the Vine
11.1%
14 Days
11.1%
I'll Be There
11.1%
Lonesome Reverie
11.1%
Time I Took a Holiday
11.1%
High on a Hilltop
11.1%
Only a Fool Breaks His Own Heart
11.1%
Lately I've Let Things Slide
11.1%
Cupid Must Be Angry
11.1%
Bygones (Won't Go)
11.1%
A Better Man
11.1%
Long Limbed Girl
11.1%
The Club
11.1%
The Other Side of the Coin
11.1%
Stoplight Roses
11.1%
Checkout Time
11.1%
I Read a Lot
11.1%
So Heavy
11.1%
I Don't Want the Night to End
11.1%
Born a Woman
11.1%
Halfway to Paradise
11.1%
Everybody Dance
11.1%
Fool Too Long
11.1%
Basing Street
11.1%
In the Middle of It All
11.1%
Go Way Hound Dog
11.1%
Tonight
0%
You'll Never Get Me Up (In One of Those)
0%
Trail of Tears
0%
Shelley My Love
0%
Where's My Everything?
0%
Drive-Thru Man
0%
You Inspire Me
0%
What Lack of Love Has Done
0%
Man That I've Become
0%
Freezing
0%
Lead Me Not
0%
I Must Be Getting Over You
0%
Cold Grey Light of Dawn
0%
She's Got Soul
0%
Indian Queens
0%
I'm a Mess
0%
Between Dark and Dawn
0%
Has She Got a Friend?
0%
Hope for Us All
0%
The Man in Love
0%
Love's Got a Lot to Answer For
0%
Rome Wasn't Built in a Day
0%
Shame on the Rain
0%
Restless Feeling
0%
The Poisoned Rose
0%
Somebody Cares for Me
0%
You Don't Know Me at All
0%
'Til the Real Thing Comes Along
0%
Dream Girl
0%
(I've Changed My) Wild Mind
0%

You're not logged in!

Compare scores with friends on all Sporcle quizzes.
OR
Log In

You Might Also Like...

Show Comments

Extras

Created Dec 1, 2012ReportNominate
Tags:Song Quiz, lowe, nick

Top Quizzes Today


Score Distribution

Your Account Isn't Verified!

In order to create a playlist on Sporcle, you need to verify the email address you used during registration. Go to your Sporcle Settings to finish the process.

Report this User

Report this user for behavior that violates our Community Guidelines.

Details: